De tierra y agua
Uloženo v:
| Hlavní autor: | |
|---|---|
| Médium: | Kniha |
| Jazyk: | Undetermined |
| Vydáno: |
Managua, Nicaragua
Nicaragüense
1965
|
| Témata: | |
| Tagy: |
Přidat tag
Žádné tagy, Buďte první, kdo vytvoří štítek k tomuto záznamu!
|
MARC
| LEADER | 00000nam a2200000Ia 4500 | ||
|---|---|---|---|
| 008 | 170316s9999 xx 000 0 und d | ||
| 040 | |a cru BVZT | ||
| 090 | |a 860 S-23d | ||
| 100 | |a Silva, Fernando | ||
| 245 | |a De tierra y agua | ||
| 260 | |a Managua, Nicaragua | ||
| 260 | |b Nicaragüense | ||
| 260 | |c 1965 | ||
| 300 | |a 144 páginas | ||
| 650 | |a LITERATURA LATINOAMERICANA | ||
| 999 | |c 9220 |d 9220 | ||
| 942 | |c 15 D |h 860 S-23d |2 z | ||
